000 00940cam a2200301 i 4500
001 65845
003 Mx-PuUPA
005 20231219110722.0
008 160714s2013 mau gr 000 0 eng d
020 _a9781934109380
040 _aMx-PuUPA
_bspa
_cMx-PuUPA
_dMx-PuUPA
_erda
041 0 _aeng
100 1 _aWomack, Jim,
_eautor
_92414
245 1 0 _aGemba walks /
_cJim Womack ; foreword by John Shook
250 _aExpanded 2nd edition
264 1 _aCambridge, MA :
_bLean Enterprise Institute,
_c2013
300 _axxiii, 311 páginas ;
_c23 cm
336 _atexto
_2rdacontent
_btxt
337 _asin medio
_2rdamedia
_bn
338 _avolumen
_2rdacarrier
_bnc
650 7 _aPlanificación empresarial
_2armarc
650 7 _aProducción
_2armarc
650 7 _aAdministración
_2armarc
700 1 _aShook, John
_eprologuista
942 _2ddc
_cLI
_h658.5
_iW872
999 _c65845
_d65845